| 000 | 00357nam a2200121Ia 4500 | ||
|---|---|---|---|
| 008 | 230907s9999||||xx |||||||||||||| ||und|| | ||
| 082 |
_a363.738746 _bROO |
||
| 100 |
_aRoosa, Stephen A., _9115780 |
||
| 245 | 0 | _aCarbon reduction : | |
| 260 |
_aFairmont Press ; | CRC Press, _bLilburn, GA : | Boca Raton, FL : _c2009 |
||
| 300 | _axxiii, 277 p. : | ||
| 942 | _cBK | ||
| 999 |
_c599541 _d599541 |
||